000 00292nam a22001337a 4500
008 181012b xxu||||| |||| 00| 0 eng d
020 _a006061375
041 _aeng
080 _a201
100 _a24
101 _aFIL
245 _aThe Church and The Second Sex
_cDaly, M
942 _2udc
_cBK
999 _c49597
_d49597